[Event "O pohar mesta Ricany 2016"]
[Site "Kulturni centrum Labut, 17. Listopadu 214 25101 Ricany"]
[Date "2016.08.28"]
[Round "2.1"]
[White "Voracek, Zdenek"]
[Black "Krejci, Jan"]
[Result "0-1"]
[WhiteElo "1977"]
[BlackElo "2496"]
[PlyCount "0"]
[EventDate "2016.08.27"]

]

1. d4 {[%clk 1:20:05]} Nf6 {[%clk 1:30:53]} 2. c4 {[%clk 1:20:24]} e6
{[%clk 1:31:17]} 3. Nf3 {[%clk 1:20:43]} Bb4+ {[%clk 1:31:35]} 4. Bd2
{[%clk 1:20:23]} c5 {[%clk 1:32:00]} 5. Bxb4 {[%clk 1:19:43]} cxb4
{[%clk 1:32:28]} 6. Nbd2 {[%clk 1:19:22]} Nc6 {[%clk 1:31:52]} 7. e4
{[%clk 1:13:18]} d6 {[%clk 1:32:12]} 8. d5 {[%clk 1:08:18]} Nb8 {[%clk 1:16:50]}
9. Qa4+ {[%clk 1:00:25]} Nbd7 {[%clk 1:16:22]} 10. dxe6 {[%clk 0:58:43]} fxe6
{[%clk 1:16:45]} 11. c5 {[%clk 0:42:40]} dxc5 {[%clk 1:13:15]} 12. Bc4
{[%clk 0:42:16]} O-O {[%clk 1:11:04]} 13. Bxe6+ {[%clk 0:37:38]} Kh8
{[%clk 1:11:28]} 14. Qc2 {[%clk 0:33:59]} Qe7 {[%clk 1:05:45]} 15. Bc4
{[%clk 0:27:42]} Rb8 {[%clk 0:59:58]} 16. a4 {[%clk 0:22:05]} bxa3
{[%clk 0:59:47]} 17. Rxa3 {[%clk 0:22:27]} b5 {[%clk 1:00:10]} 18. Ba2
{[%clk 0:22:05]} c4 {[%clk 0:51:27]} 19. O-O {[%clk 0:19:24]} b4 {[%clk 0:50:36]}
20. e5 {[%clk 0:17:14]} bxa3 {[%clk 0:48:01]} 21. exf6 {[%clk 0:16:59]} Nxf6
{[%clk 0:48:23]} 22. bxa3 {[%clk 0:14:55]} Qxa3 {[%clk 0:48:30]} 23. Nxc4
{[%clk 0:14:57]} Qc5 {[%clk 0:48:38]} 24. Qd3 {[%clk 0:09:44]} Be6
{[%clk 0:47:53]} 25. Nfe5 {[%clk 0:09:05]} Rbd8 {[%clk 0:47:16]} 26. Qg3
{[%clk 0:08:44]} Rd4 {[%clk 0:40:47]} 27. Qg5 {[%clk 0:06:04]} Rc8
{[%clk 0:38:03]} 28. Ne3 {[%clk 0:01:21]} Bxa2 {[%clk 0:36:18]} 29. Nf5
{[%clk 0:01:43]} Rg8 {[%clk 0:30:25]} 30. Nxd4 {[%clk 0:00:46]} Qxd4
{[%clk 0:30:36]} 31. h4 {[%clk 0:00:40]} Qc5 0-1